Sports Quiz

Random Sports or State Quiz

No Sport States Quiz Stats

 Plays Quiz Updated Jun 6, 2017

Support Sporcle.
Go Orange.
Score 0/24 Timer 03:00
35 Plays Today
State % Correct
Maine
92.1%
North Dakota
91.6%
South Dakota
91.2%
Vermont
85.5%
New Mexico
85%
Montana
84.9%
New Hampshire
84.3%
South Carolina
83.2%
Idaho
83.1%
Rhode Island
82.8%
Alabama
82.7%
Alaska
81.2%
State % Correct
Hawaii
80.3%
Mississippi
78.9%
Wyoming
77.8%
Iowa
76.1%
Kentucky
75.3%
Arkansas
74.9%
West Virginia
73.8%
Delaware
72.7%
Nebraska
72.2%
Connecticut
71.4%
Virginia
71.1%
Kansas
69.5%

You're not logged in!

Compare scores with friends on all Sporcle quizzes.
OR
Log In
Forgot?

From the Vault

What Movie? Back to the Camera XXIV

by Larryholmes79

Movies 8m
Turn your back on the fourth wall.
Remove Ads.
Support Sporcle.
Get the best of Sporcle when you Go Orange. This ad-free experience offers more features, more stats, and more fun while also helping to support Sporcle. Thank you for becoming a member.

Show Comments

Extras

Top Quizzes Today


Score Distribution

Your Account Isn't Verified!

In order to create a playlist on Sporcle, you need to verify the email address you used during registration. Go to your Sporcle Settings to finish the process.

Report this User

Report this user for behavior that violates our Community Guidelines.

Details: